Ekonomika v roku 2003: Vyšší rast potešil, ceny už menej

Vývoj ekonomiky Slovenska v roku 2003. Vývoj reálnej mzdy. Hospodársky rast niekoľkonásobne vyšší ako v Európe. Medziročný rast spotrebiteľských cien. Miera inflácie. Kumulatívny schodok zahraničného obchodu. Rast HDP v stálych cenách.

Gespeichert in:
Bibliographische Detailangaben
1. Verfasser: Kuruc, Radko
Format: Buchkapitel
Sprache:Slowakisch
Schlagworte:
Tags: Tag hinzufügen
Keine Tags, Fügen Sie das erste Tag hinzu!

MARC

LEADER 00000naa$a2200000$$$4500
001 0003027
005 20230925123444.2
041 0 |a slo 
044 |a SK 
245 1 0 |a Ekonomika v roku 2003: Vyšší rast potešil, ceny už menej  |c aut. Radko Kuruc 
520 |a Vývoj ekonomiky Slovenska v roku 2003. Vývoj reálnej mzdy. Hospodársky rast niekoľkonásobne vyšší ako v Európe. Medziročný rast spotrebiteľských cien. Miera inflácie. Kumulatívny schodok zahraničného obchodu. Rast HDP v stálych cenách. 
610 2 0 |a vývoj hospodársky 
610 2 0 |a rast hospodársky 
610 2 0 |a vývoj mzdový 
610 2 0 |a ceny spotrebiteľské 
610 2 0 |a mzdy nominálne 
610 2 0 |a obchod zahraničný 
610 2 0 |a Slovensko 
610 2 0 |a 2003 
100 1 |a Kuruc, Radko